Street children of Hyderabad: (Record no. 223892)
[ view plain ]
| 000 -LEADER | |
|---|---|
| fixed length control field | 00624nam a22002177a 4500 |
| 005 - DATE AND TIME OF LATEST TRANSACTION | |
| control field | 20220718094656.0 |
| 008 - FIXED-LENGTH DATA ELEMENTS--GENERAL INFORMATION | |
| fixed length control field | 220718b ||||| |||| 00| 0 eng d |
| 040 ## - CATALOGING SOURCE | |
| Transcribing agency | Aloy |
| 041 ## - LANGUAGE CODE | |
| Language code of text/sound track or separate title | eng |
| 082 ## - DEWEY DECIMAL CLASSIFICATION NUMBER | |
| Edition number | 23 |
| Classification number | 362.76 |
| Item number | RAOS |
| 100 ## - MAIN ENTRY--PERSONAL NAME | |
| Personal name | B V R Rao |
| 100 ## - MAIN ENTRY--PERSONAL NAME | |
| 9 (RLIN) | 50467 |
| 100 ## - MAIN ENTRY--PERSONAL NAME | |
| Dates associated with a name | B Malik |
| 9 (RLIN) | 50462 |
| 245 ## - TITLE STATEMENT | |
| Title | Street children of Hyderabad: |
| Remainder of title | A situational analysis |
| 260 ## - PUBLICATION, DISTRIBUTION, ETC. | |
| Place of publication, distribution, etc. | Noida: |
| Name of publisher, distributor, etc. | National Labour Institute, |
| Date of publication, distribution, etc. | 1992 |
| 300 ## - PHYSICAL DESCRIPTION | |
| Extent | iv,49p. |
| Other physical details | PB |
| Dimensions | 23x15cm. |
| 650 ## - SUBJECT ADDED ENTRY--TOPICAL TERM | |
| Topical term or geographic name entry element | Social Problems |
| 9 (RLIN) | 50463 |
| 650 ## - SUBJECT ADDED ENTRY--TOPICAL TERM | |
| Topical term or geographic name entry element | Objectives and Methodology |
| 9 (RLIN) | 50464 |
| 700 ## - ADDED ENTRY--PERSONAL NAME | |
| Personal name | RAO (B V R) |
| 9 (RLIN) | 50465 |
| 700 ## - ADDED ENTRY--PERSONAL NAME | |
| Personal name | MALIK (B) |
| 9 (RLIN) | 50466 |
| 942 ## - ADDED ENTRY ELEMENTS (KOHA) | |
| Source of classification or shelving scheme | Dewey Decimal Classification |
| Koha item type | George Fernandes Collections |
| Withdrawn status | Lost status | Source of classification or shelving scheme | Damaged status | Not for loan | Collection code | Home library | Current library | Date acquired | Total Checkouts | Full call number | Barcode | Date last seen | Price effective from | Koha item type |
|---|---|---|---|---|---|---|---|---|---|---|---|---|---|---|
| Dewey Decimal Classification | Others | St Aloysius Library | St Aloysius Library | 03/24/2013 | 362.76 RAOS | GF00765 | 07/18/2022 | 07/18/2022 | George Fernandes Collections |